Houses and homes

Bibliographic Details
Main Author: Oxlade, Chris
Format: Book
Published: London : Watts Books , 1994
Series:Technology topics
Subjects:

MARC

LEADER 00000cam a2200000 7i4500
001 0000007592
002 000008155
005 20000330.0
020 |a 0749616199 
090 0 0 |a J 600   |b OXL 
100 1 |a Oxlade, Chris 
245 1 0 |a Houses and homes   |c Chris Oxlade 
260 |a London :   |b Watts Books ,   |c 1994 
300 |a 32 p. :   |b ill ;   |c 22 cm. 
490 0 |a Technology topics 
650 0 0 |a Houses   |x Juvenile literature 
999 |a 052536   |b BUKU   |c PINJAMAN   |e PERPUSTAKAAN KOMUNITI PETALING JAYA